| 000 | 01066 a2200217 4500 | ||
|---|---|---|---|
| 003 | Nust | ||
| 005 | 20220803163022.0 | ||
| 020 | _a8178084325 | ||
| 040 | _cNust | ||
| 082 | 1 | _a005.1,JAC | |
| 100 |
_aJacobson, Ivar _961076 |
||
| 245 | 0 | 0 |
_aObject-oriented software engineering : _ba use case driven approach / _cIvar Jacobson ... |
| 250 | _alow price edition | ||
| 260 |
_aIndia _bPearson Education _bAddison-Wesley, _c1992 |
||
| 300 |
_axxii, 527p _bill. |
||
| 505 | _aSystem Development As An Industrial Process (Page-1), The System Life Cycle (Page-21), What Is Object Orientation (Page-42), Object Oriented Sys Development (Page-69), Object Oriented Programming (Page-84), Architecture (Page-109), Analysis (Page-153), Construction (Page-201),Real Time Specialization (Page-258), Database Specialization (Page-274), Components (Page-389), Testing (Page-313), Applications (Page-341). | ||
| 650 | 4 |
_aObject oriented programmering _996474 |
|
| 650 | 4 |
_aSoftware engineering _92256 |
|
| 700 | 1 |
_aJacobson, Ivar, _d1939- _4oth _996475 |
|
| 942 |
_2ddc _cBK _k005.1,JAC |
||
| 999 |
_c193405 _d193405 |
||